000 00896nam a2200217 a 4500
001 000025752
005 20200930024025.0
008 110222s1994 dr 000 0 spa d
040 _aDO-SdBNP
_bspa
_cBNPHU
082 _a330.97293
_bP349e
100 1 _aPeña, Víctor Manuel
_d1955-
_952555
245 1 0 _aEconomía contemporánea :
_bla República Dominicana ante los retos económicos de la sociedad moderna /
_cVíctor Manuel Peña.
260 _aSanto Domingo :
_bAlfa y Omega,
_c1994.
300 _a148 p.
500 _aIncluye datos biográficos del autor en la contracubierta
500 _aIncluye referencias bibliograficas y notas al pie de las páginas
590 _aInventariado, 2018/ YL
651 4 _aRepública Dominicana
_xCondiciones Económicas
_y1961-
_97344
651 4 _aRepública Dominicana
_xPolítica Económica
_y1961-
_952556
910 _aValidado. Control de calidad MFF
999 _c25244
_d25244